An introduction to Indian philosophy (Record no. 12834)

MARC details
000 -LEADER
fixed length control field 00365nam a22001457a 4500
003 - CONTROL NUMBER IDENTIFIER
control field OSt
008 - FIXED-LENGTH DATA ELEMENTS--GENERAL INFORMATION
fixed length control field 240828b |||||||| |||| 00| 0 eng d
020 ## - INTERNATIONAL STANDARD BOOK NUMBER
International Standard Book Number 9789391024888
082 ## - DEWEY DECIMAL CLASSIFICATION NUMBER
Classification number 181.4
Item number CHI
100 ## - MAIN ENTRY--PERSONAL NAME
Personal name CHATTERJEE, S
245 ## - TITLE STATEMENT
Title An introduction to Indian philosophy
260 ## - PUBLICATION, DISTRIBUTION, ETC. (IMPRINT)
Place of publication, distribution, etc Delhi:
Name of publisher, distributor, etc Motilal Banarsidass,
Date of publication, distribution, etc 2016.
300 ## - PHYSICAL DESCRIPTION
Extent xx,441p.
942 ## - ADDED ENTRY ELEMENTS (KOHA)
Source of classification or shelving scheme Dewey Decimal Classification
Koha item type Text Books
Holdings
Withdrawn status Lost status Source of classification or shelving scheme Damaged status Not for loan Collection code Home library Current library Date acquired Source of acquisition Currency Cost, normal purchase price Bill Number Total Checkouts Full call number Acc. no. / Barcode Checked out Date last seen Date last borrowed Actual Cost, discounted price Bill Date Koha item type
    Dewey Decimal Classification     IKS- Indian Knowledge System PIET C-LIBRARY PIET C-LIBRARY 28/08/2024 Zafaa Books and Distributors INR 475.00 ZBD0134 1 181.4 CHI 38397 18/08/2025 28/01/2025 28/01/2025 356.25 12/08/2024 Text Books

Design & Developed by: PIET Central Library
R70 Miles Stone Pattikalyana Samalkha Panipat 132102
mail ID :- [email protected], Phone No:- 0180-2569700 Ex.216